Quiz mathématique rapide, juste un petit - quiz 20 - Statistiques

Statistiques générales
  • Ce quiz a été pris 112 fois
  • Le résultat moyen est 14 sur 15
Statistiques - réponses
X 5 Réponse % Correct
25 125
98%
34 170
98%
7 35
97%
11 55
96%
26 130
95%
37 185
95%
49 245
95%
54 270
95%
41 205
95%
63 315
92%
67 335
92%
17 85
92%
39 195
91%
69 345
91%
73 365
88%
Aucun quiz correspondant
Distribution des résultats
% des personnes avec chaque résultat
Percentile par nombre de réponses
Votre historique - résultats
Vous n’avez pas pris ce quiz